Esetszámok változása a járóbetegszakrendeléseken egy kórházi integráció hatására

Bibliográfiai részletek
Szerző: Tóth-Szivós Etelka
Dokumentumtípus: Könyv része
Megjelent: Budapesti Gazdaságtudományi Egyetem Budapest 2025
Sorozat:II. Dr. Sztanó Imre Emlékkonferencia
Tárgyszavak:
doi:10.29180/978-615-6886-22-4_12

Online Access:http://publikaciotar.uni-bge.hu/2606

MARC

LEADER 00000naa a2200000 i 4500
001 publ2606
005 20260130112217.0
008 260130s2025 hu o 000 zxx d
020 |a 978-615-6886-22-4 
024 |a 10.29180/978-615-6886-22-4_12  |2 doi 
040 |a BGE Publikációtár Repozitórium  |b hun 
100 1 |a Tóth-Szivós Etelka 
245 1 0 |a Esetszámok változása a járóbetegszakrendeléseken egy kórházi integráció hatására  |c Tóth-Szivós Etelka  |h [elektronikus dokumentum] 
260 |a Budapesti Gazdaságtudományi Egyetem  |b Budapest  |c 2025 
300 |a 1-9 
490 0 |a II. Dr. Sztanó Imre Emlékkonferencia 
520 3 |a A 2011-ben írt Semmelweis Terv, a kórházi integráció magyarországi megvalósításának kézikönyve, leírja, hogy a jó egészség elérése érdekében biztosítani kell az egészség előfeltételeit, a hatékony egészségfejlesztést, az egészségvédelmet, a betegségmegelőzést és a beteg emberek gyógyítását. Tudományos kutatásunk részterületét képezi az integráció járóbetegellátásra gyakorolt hatásának vizsgálata. Kutatási célunk, hogy összefüggést keressünk a kórházak integrációja, valamint a járóbeteg ellátás keretében szolgáltatást igénybe vevők (esetszámok) között, hipotézisünk, hogy a járóbeteg szakellátás területén az esetszámok emelkedést mutatnak az integrációt követően. A kvantitatív, retrospektív kutatás a kalocsai Szent Kereszt Kórházban történt, a kutatási adatokat a Medworks egészségügyi rendszerből nyertük. Az adatokat a kutatási folyamat során kritériumok alapján szűrtük, majd Excel táblázatkezelő program segítségével dolgoztuk fel, az adatokat lineáris regressziós modell segítségével elemeztük SPSS-ben. Vizsgálati idő a 2007.01.01-2019.12.31-ig tartó időszakot dolgozza fel, melynek során összehasonlító elemzést végeztünk az integráció előtti (2007.01.01-2012.12.31.) és integrációt követő időszak (2013.01.01-2019.12.31.) járóbetegszakellátást igénybe vevők esetében. Az alkalmazott modell szignifikánsnak bizonyult. Az ellátottak számának alakulását 9,2%-ban magyarázza a modell, az integrációt követően havonta átlagosan 12,9 fővel emelkedett az ellátottak száma. 
650 4 |a szociológiai tudományok 
856 4 0 |u https://publikaciotar.uni-bge.hu/id/eprint/2606/1/Dr.%20Sztan%C3%B3%20Imre%20Elml%C3%A9kkonferencia_konferenciak%C3%B6tet_12.pdf  |z Dokumentum-elérés